000 00612nam a2200205Ii 4500
003 JO-AjNU
008 230606s9999||||xx |||||||||||||| ||und||
020 _a0-471-93010-5
040 _aJO-AjNU
_beng
_erda
_cJO-AjNU
041 _aeng
050 1 4 _aQA76.87.C52.1996
100 3 _aCichocki,a/Unbehuen,
_eauthor
_9577
245 0 0 _a Neural networks for optimization and signal processing 
264 3 1 _acanada:JOHN WILY,1996
300 _a526p
336 _atext
_btxt
_2rdacontent
337 _aunmediated
_bn
_2rdamedia
338 _avolume
_bnc
_2rdacarrier
650 4 _a(computer science)/mathematical
_9578
999 _aE305
_c305
_d305